000 00291nam a22001217a 4500
008 181030b xxu||||| |||| 00| 0 eng d
041 _aeng
080 _25th
_a030
100 _a23
101 _aENC
245 _aThe new Webster's International Encyclopedia
_cHarkavy,M.D
942 _2udc
_cBK
999 _c51066
_d51066